00749 a2200217 4500020001500000020001800015082001200033090001500045100001900060245004500079250001200124260004000136300002100176500001500197700001800212856008200230856008700312942002500399999001900424952008800443 a0256116997 a978025611699104a658.402 c3771d37711 aRobey, Daniel.10aDesigning organizations /cDaniel Robey. a4th ed. a[S.l.] :bMcGraw-Hill/Irwin,c1994. a560 p. ;c24 cm. aHardcover.1 aSales, Carol.403Amazon.comuhttp://www.amazon.com/exec/obidos/ASIN/0256116997/chopaconline-20403Amazon customer reviewsuhttp://www.chopac.org/cgi-bin/tools/azrev.pl?q=0256116997 aNBScBKk658.402 ROB c346236d346236 00104070aCLbCLd2013-08-28l0o658.402 ROBpNBS7009r2013-08-28w2013-08-28yBK